| 000 | 01603nam0a2200337 4500 | ||
|---|---|---|---|
| 001 | RU\NLR\bibl\1461421 | ||
| 005 | 20260405194055.0 | ||
| 010 |
_a978-5-7513-1110-0-1174-2 _9150 |
||
| 021 |
_aRU _b2009-91823 _95805 |
||
| 035 | _a(NLR Aleph) 001453185 | ||
| 090 |
_a1536154 _c1536154 |
||
| 100 | _a20100115d2009 |||y0rusy50 ca | ||
| 101 | 0 | _arus | |
| 102 | _aRU | ||
| 105 | _aa ||||||||| | ||
| 200 | 1 |
_aСтепан Федотович Попов - первый в Якутии ученый-педагог _fГ.И. Самсонова, Р.В. Тимофеева _gФедер. агентство по образованию, ГОУ ВПО "Якутск. гос. ун-т им. М.К. Аммосова" |
|
| 210 |
_aЯкутск _cИзд-во ЯГУ _d2009 |
||
| 215 |
_a65 с., [4] л. ил. _d20 |
||
| 300 | _aНа тит.л.: К 75-летию пед. ин-та | ||
| 320 | _aБиблиогр.: с. 59 (10 назв.) | ||
| 600 | 1 |
_aПопов _bС.Ф. _f1905 - 1975 _gСтепан Федотович _92605447 _3RU\NLR\auth\661542005 |
|
| 686 | _aЧ484(2)711.9(Якутский)-8Попов | ||
| 700 | 1 |
_aСамсонова _bГ. И. _gГалина Ивановна _4070 |
|
| 701 | 1 |
_4070 _8rus _7ca _aТимофеева _bР. В. _cисторик _gРаиса Васильевна _3RU\NLR\auth\7785815 _968743 |
|
| 702 | 1 |
_4570 _8rus _7ca _aПопов _bС. Ф. _cканд. пед. наук _f1905-1975 _gСтепан Федорович _3RU\NLR\auth\7785813 _968741 |
|
| 801 | 0 |
_aRU _bNLR _c20100115 _gRCR |
|
| 801 | 1 |
_aRU _bNLR _c20100115 |
|
| 830 | _aпо кн. | ||
| 942 | _cBOOK | ||
| 980 | _aNB | ||